Guess The Marvel Character's Alter Ego - Part 2 - Statistics

General Stats
  • This quiz has been taken 21 times
  • The average score is 20 of 30
Answer Stats
Real Name Alter Ego % Correct
Miles Morales Spider-Man
100%
Tony Stark Iron Man
95%
Scott Lang Ant-Man
89%
T'Challa Black Panther
89%
Natasha Romanoff Black Widow
89%
Steven Grant "Steve" Rogers Captain America
89%
Carol Danvers Captain Marvel
89%
Dr. Norman Virgil Osborn Green Goblin
89%
Peter Quill Star-Lord
89%
James Buchanan "Bucky" Barnes White Wolf / Winter Soldier
89%
Ava Starr Ghost
84%
Reed Richards Mr. Fantastic
84%
Clinton Francis "Clint" Barton Hawkeye
79%
Cassandra Webb Madame Web
79%
Wanda Maximoff Scarlett Witch
79%
Johnny Blaze Ghost Rider
74%
Kamala Khan Ms.Marvel
74%
Wilson Grant Fisk Kingpin
68%
Johann Shmidt Red Skull
68%
Dr. Henry Philip "Hank" McCoy Beast
63%
Erik Magnus Lehnsherr Magneto
63%
Blackagar Boltagon Black Bolt
58%
Maya Lopez Echo
47%
Richard Rider Nova
32%
Elijah Bradley Patriot
26%
St. John Allerdyce Pyro
21%
Herman Schultz Shocker
21%
Elijah Stern Tinkerer
11%
Adam Bernard Brashear Blue Marvel
5%
Kevin Plunder Ka-Zar
5%
No matching quizzes found
Score Distribution
Percent of People with Each Score
Percentile by Number Answered
Your Score History
You have not taken this quiz